Marketing uslug profesjonalnych materialy z trzeciej miedzynarodowej konferencji 21-22 maja 2001 roku

Na minha lista:
Detalhes bibliográficos
Outros Autores: Rogozinski, Kazimierz
Formato: Livro
Idioma:polonês
inglês
Publicado em: Poznan Akademia Ekonomiczna w Poznaniu: Katedra uslug 2001
Assuntos:
Tags: Adicionar Tag
Sem tags, seja o primeiro a adicionar uma tag!

MARC

LEADER 00000nam a2200000 4500
001 c129348
005 20221221091238.4
020 |a 83-87005-00-2 
041 0 |a pol 
041 0 |a eng 
044 |a PL 
245 1 0 |a Marketing uslug profesjonalnych  |b materialy z trzeciej miedzynarodowej konferencji 21-22 maja 2001 roku  |c Pod redakcja Kazimierza Rogozinskiego 
264 1 |a Poznan  |b Akademia Ekonomiczna w Poznaniu: Katedra uslug  |c 2001 
300 |a 425 s. 
610 2 0 |a služby 
610 2 0 |a marketing 
610 2 0 |a kultúra podniková 
610 2 0 |a vzdelávanie 
610 2 0 |a školy vysoké 
610 2 0 |a univerzity 
610 2 0 |a komunikácia 
610 2 0 |a pracovníci riadiaci 
610 2 0 |a zákazníci 
610 2 0 |a konflikty 
610 2 0 |a podnik malý 
610 2 0 |a banky 
610 2 0 |a služby bankové 
610 2 0 |a makléri 
610 2 0 |a štruktúra organizačná 
610 2 0 |a práca s verejnosťou 
610 2 0 |a farmakológia 
610 2 0 |a manažéri 
610 2 0 |a nemocnice 
610 2 0 |a kvalita práce 
610 2 0 |a zdravie 
610 2 0 |a lekári 
700 1 |a Rogozinski, Kazimierz